| 000 | 00702nam a2200181 i 4500 | ||
|---|---|---|---|
| 001 | 28189 | ||
| 003 | ES-MaACL | ||
| 007 | t| | ||
| 008 | 030116s1944 ag ||||1| spa d | ||
| 100 | 1 |
_aBachmann, Alois. _924480 |
|
| 245 | 1 | 0 |
_aMicrobiología / _cCurso en base a conferencias dictadas por Alois Bachmann y por los profesores adjuntos doctores Ruperto Quiroga y Pablo Negroni ; [publicado] por Silvio Fidanza ; prólogo de Ruperto Quiroga. |
| 260 |
_aBuenos Aires : _bVázquez, _c1944 ( _fMacagno, Landa y Cía.) |
||
| 300 |
_a2 v. ; _c26 cm. |
||
| 700 | 1 |
_aQuiroga, Ruperto. _994776 |
|
| 700 | 1 |
_aNegroni, Pablo. _985322 |
|
| 700 | 1 |
_aFidanza, Silvio. _950689 |
|
| 852 |
_aES-MaACL _jE-62-63 _bR.22418 |
||
| 999 |
_c28189 _d28189 |
||